000 00852nam a2200229 a 4500
001 56048
003 BD-RjUL
005 20211209080340.0
008 161124s1996 ii ||||| |||| 00| 0 ben d
020 _a8170798558
_c: IRs 60.00
035 _a(BD-RjUL)56172
040 _aBD-RjUL
_bben
_cBD-RjUL
041 _aben
082 _223
_a928
_bCHN 1996
100 _aচট্রোপাধ্যায়, পশুপতি
_9166844
245 1 0 _aনট-নাট্য-চলচ্চিত্রকথা
_cপশুপতি চট্রোপাধ্যায়
260 _aকলিকাতা :
_bদে'জ পাবলিশিং,
_c১৯৯৬
300 _a১৮৩ পৃ. ;
_c২১ সেমি .
650 _aসাহিত্য সাধক
_9166845
650 _aPeople in Literature
_9166846
942 _2ddc
_cBK
999 _c56048
_d56048